| 000 | 01032nas a2200313 4500 | ||
|---|---|---|---|
| 001 | BR2012003274 | ||
| 003 | BR-BrBNA | ||
| 005 | 20231205120530.0 | ||
| 007 | ta | ||
| 008 | 230509b bl.|||p| |||| 00| 00por d | ||
| 040 |
_aBR-BrBNA _bpor _cBiblioteca Nacional de Agricultura |
||
| 041 | _a(Pt) | ||
| 072 | _aF02 | ||
| 100 | 1 | _aSouza, F.X. de | |
| 100 | 1 | _aCosta, J.T.A. | |
| 100 | 1 | _aCoelho, E.L. | |
| 100 | 1 | _aMaia, A. de H.N. | |
| 245 | 1 | _aComportamento vegetativo e reprodutivo de clones de cajazeira cultivados na Chapada do Apodi, Ceará, Brazil | |
| 246 | 1 | _aVegetative and reproductive behavior of mombin clones grown on the Chapada do Apodi, Ceará, Brazil | |
| 650 | _aCAJÁ | ||
| 650 | _aSPONDIAS MOMBIN | ||
| 650 | _aENXERTO | ||
| 650 | _aREPRODUÇÃO VEGETAL | ||
| 650 | _aPORTA ENXERTO | ||
| 650 | _aCLONE | ||
| 773 | 0 |
_tRevista Ciência Agronômica (Brazil) _xISSN 0045-6888 _g(Apr-Jun 2012), v. 43(2) p. 293-300 _wBR2012003274 |
|
| 909 |
_a202311 _bLúcia _c55 _dLúcia Elande |
||
| 942 |
_2AGRIS _n0 _cANA |
||
| 999 |
_c218986 _d218986 |
||